MARC

LEADER 00000nam0a2200000 4500
001 371359
005 20231102012354.0
035 |a (RuTPU)RU\TPU\retro\28769 
090 |a 371359 
100 |a 20221013d1981 m y0rusy50 ca 
101 0 |a rus 
102 |a RU 
105 |a a z 000ay 
200 1 |a Последний поклон  |e повесть  |f В. П. Астафьев 
210 |a Красноярск  |c Красноярское книжное издательство  |d 1981 
215 |a 552 с.  |c ил. 
225 1 |a Современная сибирская повесть 
606 1 |a Русская литература современная  |2 stltpush  |3 (RuTPU)RU\TPU\subj\26373  |9 50316 
610 1 |a художественная литература 
610 1 |a советская литература 
610 1 |a повести 
675 |a Р2  |v 4 
700 1 |a Астафьев  |b В. П.  |c русский писатель  |f 1924-2001  |g Виктор Петрович  |2 stltpush  |3 (RuTPU)RU\TPU\pers\8221  |4 070  |9 1618 
801 1 |a RU  |b 63413507  |c 20221013 
801 2 |a RU  |b 63413507  |c 20230110  |g RCR 
942 |c BK